000 01011nam a2200277 a 4500
001 000018961
003 OSt
005 20240306073904.0
007 ta
008 100521s1999 dr r 000 0 spa d
020 _a9768175540
040 _aDO-SdBNP
_bspa
_cBNPHU
082 4 _aR PD 920.72
_bA385m 1999
_222
100 1 _aAlfau Durán, Vetilio,
_d1909-1985
_910091
245 1 0 _aMujeres de la independencia /
_cVetilio Alfau Durán ; prólogo María Filomena González Canalda.
250 _a2a ed.
260 _aSanto Domingo :
_bEdiciones Librería La Trinitaria,
_c1999.
300 _a71 p. ;
_c21 cm.
504 _aIncluye referencias bibliográficas y notas al pie de las páginas
590 _aInventariado, 2022/MFF
650 4 _a Mujeres en República Dominicana
_xHistoria
_vBiografías
_982310
651 4 _aRepública Dominicana
_x Historia
_y844-1930
_982334
700 1 _aGonzález Canalda, María Filomena
_epról.
_940799
910 _aValidado. Control de calidad MFF
942 _2ddc
_cLBS1
999 _c18479
_d18479